000 01251nam a22003017a 4500
001 5803
003 FISKH
005 20250826091631.0
008 250123b cb ||||| |||| 00| 0 eng d
020 _a9780545347518
040 _aFISKH
_beng
_cFISKH
_dFISKH
050 _aPZ7.M5815
082 _a813.6
100 _aMichalak, Jamie
245 _aJoe and Sparky get new wheels /
_cJamie Michalak ; illustrated by Frank Remkiewicz
250 _aFirst printing in 2011
260 _aSomeville :
_bScholastic,
_c2009.
300 _a42 pages :
_bcolor illustrations ;
_c23 cm
505 _aJ
520 _aSparky is a turtle who likes to stay inside his shell. Joe is a giraffe who likes to stretch his neck and see the world. When a car appears one day at the famous cageless zoo where they live, the two set off on the ride of their lives, with Joe behind the wheel and Sparky hanging on for dear life. From the shopping mall to the car wash to the take-out burger joint, Joe and Sparky cause mayhem everywhere they go.
521 8 _a480
_bLexile
521 8 _aJ
_bRaz-Plus
650 _2Adventure
_aGiraffes
650 _2Friendship
_aEasy reader
700 _aRemkiewicz, Frank
_dillustrator
942 _2ddc
_cBK
_n0
999 _c5803
_d5803